{"text_format":"3","workbook":"xlsx","n_sheets":2,"sheets":["list","data"],"read":"whole","date_system":"1900"}

{"sheet":"list","index":0,"n_rows":38,"n_cols":16,"rows_kept":38}
["№","СНИЛС","Фамлия","Имя","Отчество","Пол","Дата рождения","Участник с ОВЗ","Класс","Класс участия","Балл","Макс. Балл","Статус","Призер МЭ прошлого года","Учитель","Место работы учителя"]
[1,2,3,4,5,6,7,8,9,10,11,12,13,14,15,16]
[1,17461759498,"Ялаков"," Арслан"," Рустамович","м","2012-11-19","да",4,4,5,8,"призер",null,"Смирнова Валентина Алексеевна","МАОУ СОШ 7"]
[2,17577584027,"Гаврилов"," Михаил","Евгеньевич","м","2013-02-28","нет",4,4,4,8,"призер",null,"Смирнова Валентина Алексеевна","МАОУ СОШ 7"]
[3,"17638119897","Куряшов","Максим","Викторович","м","2013-03-12","нет",4,4,3,8,"участник",null,"Тазетдинова Зульфия Эльбрусовна","МАОУ СОШ 7"]
[4,17882010182,"Тухбатов","Раян","Рустамовичв ","м","2013-10-04","нет",4,4,3,8,"участник",null,"Смирнова Валентина Алексеевна","МАОУ СОШ 7"]
[5,17706757605,"Галимов"," Данияр"," Тимурович","м","2013-06-17","нет",4,4,3,8,"участник",null,"Смирнова Валентина Алексеевна","МАОУ СОШ 7"]
[6,17790497528,"Мухутдинов","Амир","Рустамович","м","2013-08-07","нет",4,4,2,8,"участник",null,"Сабаева Марина Александровна","МАОУ СОШ 7"]
[7,17551958101,"Мухутдинов","Артур","Разилевич","м","2013-01-31","нет",4,4,2,8,"участник",null,"Сабаева Марина Александровна","МАОУ СОШ 7"]
[8,"17895723745","Полозов","Артем","Иванович","м","2013-10-28","нет",4,4,2,8,"участник",null,"Тазетдинова Зульфия Эльбрусовна","МАОУ СОШ 7"]
[9,17871361907,"Фатихов","Ришат","Радикович","м","2013-10-04","нет",4,4,2,8,"участник",null,"Сабаева Марина Александровна","МАОУ СОШ 7"]
[10,"17683345608","Александров ","Арсений","Андреевич","м","2013-05-13","нет",4,4,1,8,"участник",null,"Тазетдинова Зульфия Эльбрусовна","МАОУ СОШ 7"]
[11,"17490076988","Камалеева","Эмилия","Ильнуровна","ж","2012-12-03","нет",4,4,1,8,"участник",null,"Тазетдинова Зульфия Эльбрусовна","МАОУ СОШ 7"]
[12,17040543834,"Хусаенова","Айсель","Маратовна","ж","2012-02-02","нет",5,5,3,8,"участник",null,"Пикнеева Наталья Михайловна","МАОУ СОШ 7"]
[13,"17426677699","Шайдуллина","Малика","Тимуровна","ж","2012-09-14","нет",5,5,1,8,"участник",null,"Шакирова Диана Дамировна","МАОУ СОШ 7"]
[14,"17098947322","Камалдинова ","Алина","Дамировна","ж","2012-03-07","нет",5,5,1,8,"участник",null,"Шакирова Диана Дамировна.","МАОУ СОШ 7"]
[15,"17461755490","Савина","Анна","Геннадьевна","ж","2012-11-26","нет",5,5,1,8,"участник",null,"Шакирова Диана Дамировна","МАОУ СОШ 7"]
[16,"17258001757","Аргодяева","Лидия","Ивановна","ж","2012-06-19","нет",5,5,1,8,"участник",null,"Пикнеева Наталья Михайловна","МАОУ СОШ 7"]
[17,17287714605,"Губайдуллина","Алсу","Айратовна","ж","2012-07-07","нет",5,5,1,8,"участник",null,"Пикнеева Наталья Михайловна","МАОУ СОШ 7"]
[18,"16850720379","Хайруллина","Камиля","Рамилевна","ж","2011-09-30","нет",6,6,3,8,"участник",null,"Пикнеева Наталья Михайловна","МАОУ СОШ 7"]
[19,16825913094,"Фартдинов","Милан","Фанисович","м","2011-09-12","нет",6,6,2,8,"участник",null,"Пикнеева Наталья Михайловна","МАОУ СОШ 7"]
[20,"20748926690","Шуматбаева","Василиса","Кирилловна","ж","2011-07-28","нет",6,6,1,8,"участник",null,"Пикнеева Наталья Михайловна","МАОУ СОШ 7"]
[21,17149560280,"Губайдуллина","Айсылу ","Айратовна","ж","2010-09-01","нет",7,7,2,8,"участник",null,"Шакирова Диана Дамировна","МАОУ СОШ 7"]
[22,16818639715,"Мухутдинов","Тимур ","Разилевич","м","2009-10-21","нет",7,7,2,8,"участник",null,"Шакирова Диана Дамировна","МАОУ СОШ 7"]
[23,17053139848,"Кемаев","Матвей ","Алексеевич","м","2010-10-16","нет",7,7,1,8,"участник",null,"Шакирова Диана Дамировна.","МАОУ СОШ 7"]
[24,"16872190802","Измайлова","Софья ","Михайловна","ж","2009-11-03","нет",8,8,3,8,"участник",null,"Бадяева Елена Вячеславовна","МАОУ СОШ 7"]
[25,"16928970229","Сагатова","Эльвина ","Рамисовна","ж","2009-04-17","нет",8,8,3,8,"участник",null,"Бадяева Елена Вячеславовна","МАОУ СОШ 7"]
[26,"17894439844","Шелкова","Арина ","Сергеевна","ж","2008-12-10","нет",8,8,3,8,"участник",null,"Бадяева Елена Вячеславовна","МАОУ СОШ 7"]
[27,"16574500477","Гарипов","Шамиль","Ильнурович","м","2009-10-04","нет",8,8,2,8,"участник",null,"Бадяева Елена Вячеславовна","МАОУ СОШ 7"]
[28,"16898127837","Нуждина","Елена ","Сергеевна","ж","2009-07-16","нет",8,8,1,8,"участник",null,"Бадяева Елена Вячеславовна","МАОУ СОШ 7"]
[29,"17179535300","Ганина","Александра","Андреевна","ж","2009-09-19","нет",8,8,1,8,"участник",null,"Бадяева Елена Вячеславовна","МАОУ СОШ 7"]
[30,17228229365,"Патин","Арсений ","Игоревич","м","2009-12-10","нет",8,8,1,8,"участник",null,"Шакирова Диана Дамировна","МАОУ СОШ 7"]
[31,"16820117954","Гадиев","Дамир","Гамлетович","м","2008-09-30","нет",9,9,2,8,"участник",null,"Бадяева Елена Вячеславовна","МАОУ СОШ 7"]
[32,"16995701128","Тазова","Светлана","Сергеевна","ж","2008-01-11","нет",9,9,1,8,"участник",null,"Бадяева Елена Вячеславовна","МАОУ СОШ 7"]
[33,"16820119049","Инюшева","Дарья","Николаевна","ж","2008-04-15","нет",9,9,1,8,"участник",null,"Бадяева Елена Вячеславовна","МАОУ СОШ 7"]
[34,"1682505701","Фасхутдинов","Дамир","Ниязович","м","2008-10-23","нет",9,9,1,8,"участник",null,"Бадяева Елена Вячеславовна","МАОУ СОШ 7"]
[35,"17228229062","Зайцева","Дарья","Сергеевна","ж","2008-09-19","нет",9,9,1,8,"участник",null,"Бадяева Елена Вячеславовна","МАОУ СОШ 7"]
[36,"15756110064","Потапова","Софья","Дмитриевна","ж","2008-07-04","нет",9,9,1,8,"участник",null,"Бадяева Елена Вячеславовна","МАОУ СОШ 7"]

{"sheet":"data","index":1,"n_rows":25,"n_cols":3,"rows_kept":25,"hidden":true}
[]
["Техника, технология и техническое творчество .  Ручная обработка древесины"]
["Техника, технология и техническое творчество .  Ручная обработка металла"]
["Техника, технология и техническое творчество .  Механическая обработка древесины"]
["Техника, технология и техническое творчество .  Механическая обработка металла"]
["Техника, технология и техническое творчество .  Электротехника"]
["Техника, технология и техническое творчество .  Робототехника"]
["Техника, технология и техническое творчество .  3d - моделирование и печать"]
["Техника, технология и техническое творчество .  Обработка материалов на лазерно-гравировальной машине"]
["Техника, технология и техническое творчество .  Промышленный дизайн"]
["Культура дома, дизайн и технологии .  Обработка швейного изделия или узла + моделирование швейных изделий"]
["Культура дома, дизайн и технологии .  Обработка швейного изделия или узла + моделирование швейных изделий с использованием графических редакторов"]
["Культура дома, дизайн и технологии .  Обработка швейного изделия или узла на швейно-вышивальном оборудовании + моделирование швейных изделий"]
["Культура дома, дизайн и технологии .  Обработка швейного изделия или узла на швейно-вышивальном оборудовании + моделирование швейных изделий с использованием графических редакторов"]
["Культура дома, дизайн и технологии .  Робототехника"]
["Культура дома, дизайн и технологии .  3d - моделирование и печать"]
["Культура дома, дизайн и технологии .  Обработка материалов на лазерно-гравировальной машине"]
["Культура дома, дизайн и технологии .  Промышленный дизайн"]
["Роботехника .  "]
["Информационная безопасность ."]
[]
[]
["участник"]
["призер",null,"да"]
["победитель"]